| 000 | 00727nam a22002055i 4500 | ||
|---|---|---|---|
| 008 | 190318s2019 cau 000 0 eng | ||
| 020 | _a9781526458940 (pbk. : alk. paper) | ||
| 020 | _a9781526458933 (hardcover : alk. paper) | ||
| 020 | _a9781526483560 (epub2) | ||
| 020 | _a9781526483577 (epub3) | ||
| 020 | _a9781526483584 (web pdf) | ||
| 020 | _a9781526483591 (xmltei) | ||
| 050 |
_aHD9999 _bB38 |
||
| 100 | 1 | _aBatat, Wided. | |
| 245 | 1 | 0 |
_aDigital luxury : _btransforming brands and consumer experiences / _cWided Batat. |
| 260 |
_aLos Angeles _bSAGE _c2019 |
||
| 300 |
_axvi, 258pages: 24.1cm _billustration; |
||
| 650 |
_aLuxury Goods Industry - Management. _vTechnology Innovations - Economic Aspects. |
||
| 942 | _cBK | ||
| 999 |
_c3349 _d3349 |
||